La Dictadura de Trujillo, Documentos (1940-1949) (Record no. 7568)

MARC details
000 -LEADER
campo de control de longitud fija 00409nam a2200145Ia 4500
001 - NÚMERO DE CONTROL
campo de control 2820
008 - DATOS DE LONGITUD FIJA--INFORMACIÓN GENERAL
campo de control de longitud fija 241024s9999 xx 000 0 und d
020 ## - NÚMERO INTERNACIONAL ESTÁNDAR DEL LIBRO
Número Internacional Estándar del Libro 978-9945-074-82-6
082 ## - NÚMERO DE LA CLASIFICACIÓN DECIMAL DEWEY
Número de clasificación RD/972.93053/AC185d/1940-1949/T2-V.4
100 ## - ENTRADA PRINCIPAL--NOMBRE DE PERSONA
Nombre de persona ed. Acosta Matos, Eliades
245 #0 - MENCIÓN DEL TÍTULO
Título La Dictadura de Trujillo, Documentos (1940-1949)
260 ## - PUBLICACIÓN, DISTRIBUCIÓN, ETC.
Nombre del editor, distribuidor, etc. Ed. Búho
Fecha de publicación, distribución, etc. 2013
901 ## - ELEMENTOS DE DATOS A LOCAL LDA (RLIN)
a 4/4/2013 11:17:07 a.m.

No items available.

© 2024. Todos los Derechos Reservados. Desarrollado por IDEICE